|
|
|
|
| LEADER |
01205nam a2200277 a 4500 |
| 001 |
GR-Antirio779 |
| 008 |
090519s2004 gr b 001 0 gre d |
| 020 |
|
|
|a 0470858281
|
| 040 |
|
|
|a GrPaTEI
|b gre
|c GR-PaULI
|
| 040 |
|
|
|a GrPaTEI
|b gre
|c GR-PaULI
|
| 040 |
|
|
|a GrPaTEI
|b gre
|c GR-PaULI
|
| 082 |
|
0 |
|a 621.384
|2 22
|
| 100 |
0 |
|
|a Ferrari, Gianluigi
|
| 245 |
1 |
0 |
|a Detection algorithms for wireless communications :
|b with applications to wired and storage systems /
|c Ferrari, Gianluigi , Colavolpe, Guilio and Raheli, Riccardo.
|
| 260 |
|
|
|a Chichester , Hoboken, N.J. :
|b John Wiley & Sons,
|c c 2004
|
| 300 |
|
|
|a xxix. , 395 σ. :
|b εικ. ;
|c 26 εκ.
|
| 504 |
|
|
|a Περιλαμβάνει βιβλιογραφίες και ευρετήριο.
|
| 650 |
|
0 |
|a ALGORITHMS
|
| 650 |
|
0 |
|a Mathematics
|
| 650 |
1 |
0 |
|a Wireless communication systems
|
| 700 |
0 |
|
|a Colavolpe, Giulio
|
| 700 |
0 |
|
|a Raheli, Riccardo
|
| 942 |
|
|
|2 ddc
|
| 952 |
|
|
|0 0
|1 0
|2 ddc
|4 0
|6 621_384000000000000_FER
|7 0
|9 262202
|a LISK-2
|b LISK-2
|c BSC
|d 2021-01-17
|e 24
|f 0
|g 0.00
|l 0
|o 621.384 FER
|p 2430000007231
|r 2021-01-17 00:00:00
|t 1
|w 2021-01-17
|y BK15
|x 20090519 0 1
|x GrPaTEI - Antirrio
|
| 971 |
|
|
|a .b25705787
|b 01-10-20
|c 12-09-16
|
| 999 |
|
|
|c 151211
|d 151211
|